[Event "Russian Championship B17 1st league 2016"]
[Site "Loo"]
[Date "2016.04.25"]
[Round "6.9"]
[White "Lilov, Aleksandr"]
[Black "Spiridonov, Evgeny"]
[Result "0-1"]
[WhiteElo "1935"]
[BlackElo "2057"]
[PlyCount "71"]
[EventDate "2016.04.20"]

1. e4 c6 2. d4 d5 3. e5 Bf5 4. h4 h5 5. c4 dxc4 6. Bxc4 e6 7. Nc3 Ne7 8. Nge2
Nd5 9. Ng3 Bg6 10. Nce4 Nd7 11. O-O Bxe4 12. Nxe4 Qxh4 13. Qe2 Qd8 14. Bg5 Qb6
15. Rac1 Qxd4 16. Rfd1 Qxe5 17. f4 Nxf4 18. Qd2 Nd5 19. Re1 Bb4 20. Nc3 Qg3 21.
Bxd5 cxd5 22. Re3 Bc5 23. Kh1 Bxe3 24. Bxe3 O-O 25. Bf2 Qg4 26. Rf1 h4 27. Be3
h3 28. Rf2 Ne5 29. Bf4 Ng6 30. Bh2 hxg2+ 31. Rxg2 Qf3 32. Kg1 d4 33. Nd1 Nh4
34. Rf2 Qg4+ 35. Kf1 Qh3+ 36. Ke2 0-1

[Event "Russian Championship B17 1st league 2016"]
[Site "Loo"]
[Date "2016.04.25"]
[Round "6.10"]
[White "Zakharov, Nikolay A"]
[Black "Shkurkin, Andrey"]
[Result "1-0"]
[WhiteElo "1942"]
[BlackElo "2255"]
[PlyCount "71"]
[EventDate "2016.04.20"]

1. e4 d6 2. d4 Nf6 3. Nc3 e5 4. dxe5 dxe5 5. Qxd8+ Kxd8 6. Nf3 Bd6 7. Bg5 Be6
8. O-O-O Nbd7 9. Nb5 Ke7 10. Nxd6 cxd6 11. Nd2 h6 12. Bh4 g5 13. Bg3 Rac8 14.
f3 d5 15. exd5 Nxd5 16. Re1 Nb4 17. c3 f6 18. Kb1 Nxa2 19. Bd3 Rhd8 20. Bc2 Nc5
21. Rd1 Rd6 22. Bf2 Nd3 23. Be3 Nf4 24. Ne4 Rxd1+ 25. Rxd1 f5 26. Bc5+ Rxc5 27.
Nxc5 Nd5 28. Re1 Bg8 29. Kxa2 Kd6 30. Nxb7+ Kc6 31. Na5+ Kb6 32. Nb3 a5 33. Kb1
a4 34. Nd2 a3 35. bxa3 Nxc3+ 36. Kb2 1-0

[Event "Russian Championship B17 1st league 2016"]
[Site "Loo"]
[Date "2016.04.25"]
[Round "6.11"]
[White "Vasilenok, Anton"]
[Black "Rozmanov, Aleksandr"]
[Result "1-0"]
[WhiteElo "2159"]
[BlackElo "1927"]
[PlyCount "81"]
[EventDate "2016.04.20"]

1. e4 e5 2. Nf3 Nc6 3. Nc3 Nf6 4. Be2 d5 5. exd5 Nxd5 6. O-O Nxc3 7. bxc3 Bd6
8. d4 O-O 9. Re1 Bf5 10. Bd3 Bxd3 11. Qxd3 f6 12. Rb1 Rb8 13. Be3 exd4 14. cxd4
Nb4 15. Rxb4 Bxb4 16. Qc4+ Kh8 17. Qxb4 Qd5 18. c4 Qf5 19. h3 Qc2 20. a3 c6 21.
Bf4 Rfe8 22. Re7 Rxe7 23. Qxe7 Qb1+ 24. Kh2 Rg8 25. d5 cxd5 26. cxd5 Qf5 27.
Qd6 b5 28. Bg3 a5 29. Nd4 Qd3 30. Nc6 b4 31. axb4 a4 32. Ne7 Ra8 33. Qc6 Qa6
34. Qxa6 Rxa6 35. d6 Ra8 36. Nc6 a3 37. d7 Rg8 38. d8=Q Rxd8 39. Nxd8 a2 40. b5
a1=Q 41. b6 1-0

[Event "Russian Championship B17 1st league 2016"]
[Site "Loo"]
[Date "2016.04.25"]
[Round "6.12"]
[White "Navrodskiy, Boris"]
[Black "Khmelev, Mikhail"]
[Result "1-0"]
[WhiteElo "2091"]
[BlackElo "1917"]
[PlyCount "99"]
[EventDate "2016.04.20"]

1. d4 Nf6 2. c4 c5 3. d5 b5 4. cxb5 a6 5. bxa6 g6 6. Nc3 Bxa6 7. e4 Bxf1 8.
Kxf1 d6 9. g3 Bg7 10. Kg2 O-O 11. Nf3 Nbd7 12. a4 Qa5 13. Bd2 Rfb8 14. Nb5 Qb6
15. Qe2 Ne8 16. Bc3 Nc7 17. Nxc7 Qxc7 18. Ra2 Bxc3 19. bxc3 Qa5 20. Qc2 Qa6 21.
Rha1 Qc4 22. Nd2 Qe2 23. Nf1 Qxc2 24. Rxc2 Nb6 25. a5 Nc4 26. a6 Ra7 27. Nd2
Nxd2 28. Rxd2 Rb3 29. Rc2 Kf8 30. Kf3 Ke8 31. Ke3 Kd7 32. Kd3 Kc7 33. Kc4 Rb8
34. e5 Rba8 35. exd6+ exd6 36. Re2 Rxa6 37. Re7+ Kd8 38. Rxa6 Rxa6 39. Rxf7 Ra2
40. Kb5 Ke8 41. Rxh7 Rxf2 42. Kc6 Rc2 43. Kxd6 Rxc3 44. Kc7 Ra3 45. Rh8+ Kf7
46. d6 c4 47. d7 Ra7+ 48. Kc6 c3 49. d8=Q c2 50. Rf8+ 1-0

[Event "Russian Championship B17 1st league 2016"]
[Site "Loo"]
[Date "2016.04.25"]
[Round "6.13"]
[White "Tchebalkin, Evgeny"]
[Black "Isagov, Nariman"]
[Result "1/2-1/2"]
[WhiteElo "1945"]
[BlackElo "2057"]
[PlyCount "108"]
[EventDate "2016.04.20"]

1. Nf3 d6 2. b3 e5 3. Bb2 f5 4. e3 Nf6 5. d4 e4 6. Nfd2 d5 7. c4 c6 8. Nc3 Be7
9. Be2 O-O 10. O-O Be6 11. Rc1 g5 12. f3 a6 13. cxd5 cxd5 14. Na4 b6 15. Qc2
Ra7 16. a3 Qd6 17. b4 Rc8 18. Qb1 Rac7 19. Rxc7 Rxc7 20. Rc1 Bd8 21. fxe4 fxe4
22. Bc3 Rf7 23. Nf1 Bc7 24. Be1 Qd8 25. Bg3 h5 26. Bxc7 Rxc7 27. Rxc7 Qxc7 28.
Qb2 h4 29. Qc3 Qd6 30. b5 a5 31. h3 Kf7 32. Qc1 Ke7 33. Qc3 Kf7 34. Qc1 Kg6 35.
Qc3 g4 36. hxg4 Kg5 37. Qc1 Nxg4 38. Bxg4 Bxg4 39. Qb2 Bf5 40. Qc1 Bg4 41. Qb2
Nd7 42. Qc1 Nb8 43. Qb2 Qc7 44. Qc3 Qd8 45. Qb2 Qd6 46. Nc3 Nd7 47. Qf2 Nf6 48.
a4 Qb8 49. Qa2 Qd6 50. Qf2 Qb8 51. Nh2 Bh5 52. Nf1 Bg4 53. Nh2 Bh5 54. Nf1 Ng4
1/2-1/2

[Event "Russian Championship B17 1st league 2016"]
[Site "Loo"]
[Date "2016.04.25"]
[Round "6.14"]
[White "Kolmagorov, Alexey"]
[Black "Veklich, Igor"]
[Result "1/2-1/2"]
[WhiteElo "2037"]
[BlackElo "1914"]
[PlyCount "98"]
[EventDate "2016.04.20"]

1. c4 e5 2. Nc3 Nf6 3. g3 d5 4. cxd5 Nxd5 5. Bg2 Nb6 6. Nf3 Nc6 7. O-O Be7 8.
a3 Be6 9. b4 O-O 10. d3 a5 11. b5 Nd4 12. Rb1 f6 13. Nxd4 exd4 14. Na4 Bd5 15.
Qc2 Bxg2 16. Kxg2 Qd5+ 17. Kg1 Nxa4 18. Qxa4 Bc5 19. Bf4 Rf7 20. Rfc1 b6 21.
Qc4 Qxc4 22. Rxc4 g5 23. Bc1 Re8 24. Kf1 Rfe7 25. Rc2 a4 26. Ra1 Re5 27. Raa2
Bd6 28. Rc4 Rxb5 29. Rxd4 Rb1 30. Rc4 Re5 31. d4 Reb5 32. Kg2 R5b3 33. f4 b5
34. Rc6 b4 35. fxg5 fxg5 36. e4 Rc3 37. Rxc3 bxc3 38. Rc2 Rb3 39. Kf2 Bxa3 40.
Bxa3 Rxa3 41. Ke2 Rb3 42. Kd3 a3 43. Kc4 Rb1 44. Kxc3 Re1 45. e5 Kf7 46. Kb4
Ke6 47. Kxa3 Kd5 48. Rxc7 Kxd4 49. Rd7+ Kc5 1/2-1/2

[Event "Russian Championship B17 1st league 2016"]
[Site "Loo"]
[Date "2016.04.25"]
[Round "6.15"]
[White "Tretyakov, Stepan"]
[Black "Kravchenko, Daniil"]
[Result "1-0"]
[WhiteElo "1967"]
[BlackElo "1876"]
[PlyCount "79"]
[EventDate "2016.04.20"]

1. d4 d6 2. Nf3 Nc6 3. c4 e5 4. d5 Nce7 5. e4 g6 6. Nc3 Bg7 7. Be2 Nf6 8. O-O
O-O 9. Ne1 Ne8 10. Nd3 f5 11. f3 c5 12. dxc6 bxc6 13. Nf2 Be6 14. b3 Kh8 15.
Ba3 Qc7 16. Qd2 Rd8 17. Rac1 Rf7 18. Rfd1 Nc8 19. b4 Rfd7 20. b5 Nb6 21. bxc6
Qxc6 22. Nd5 Rc8 23. Bd3 Qa4 24. Qb4 Qxb4 25. Bxb4 Bh6 26. Rc2 Bxd5 27. cxd5
Rxc2 28. Bxc2 Nc4 29. Bb3 Ne3 30. Rd3 Nf6 31. Bd2 f4 32. Rc3 Rb7 33. Nd3 Nd7
34. Rc6 Bf8 35. Bb4 Nb8 36. Bxd6 Nxc6 37. dxc6 Rb6 38. c7 Rc6 39. Bxf8 h5 40.
Bh6 1-0

[Event "Russian Championship B17 1st league 2016"]
[Site "Loo"]
[Date "2016.04.25"]
[Round "6.16"]
[White "Poltoratskiy, Aleksandr"]
[Black "Privorotsky, Oleg"]
[Result "1-0"]
[WhiteElo "1798"]
[BlackElo "1954"]
[PlyCount "49"]
[EventDate "2016.04.20"]

1. d4 d5 2. Nf3 Nf6 3. e3 c5 4. b3 Nc6 5. Bb2 cxd4 6. Nxd4 e6 7. Nd2 Bd6 8. Bd3
O-O 9. O-O Bb8 10. N2f3 Re8 11. Nxc6 bxc6 12. Ne5 Qc7 13. f4 Qb6 14. Rf3 c5 15.
Rg3 d4 16. Nc4 Qb7 17. exd4 Bxf4 18. Rf3 Qc7 19. g3 Bh6 20. Rxf6 gxf6 21. Qh5
Kg7 22. Qg4+ Kf8 23. Ba3 Ke7 24. Bxc5+ Kd8 25. Qf3 1-0

[Event "Russian Championship B17 1st league 2016"]
[Site "Loo"]
[Date "2016.04.25"]
[Round "6.17"]
[White "Voinikonis, Nikita"]
[Black "Nakonechny, Ignat"]
[Result "1-0"]
[WhiteElo "2168"]
[BlackElo "1857"]
[PlyCount "79"]
[EventDate "2016.04.20"]

1. e4 c5 2. Nf3 d6 3. d4 cxd4 4. Nxd4 Nf6 5. f3 a6 6. c4 Nc6 7. Be3 g6 8. Nc3
Bg7 9. Qd2 Bd7 10. Be2 Rc8 11. O-O O-O 12. Rac1 Ne5 13. b3 e6 14. Rfd1 Qe7 15.
Nc2 Bc6 16. b4 Ne8 17. f4 Nd7 18. Nd4 Nb8 19. Bf3 Bd7 20. Qe2 d5 21. exd5 Qxb4
22. dxe6 fxe6 23. Bf2 Qxc4 24. Qb2 Rxf4 25. Nce2 Rxd4 26. Bxd4 Qa4 27. Bxg7
Rxc1 28. Rxc1 Nxg7 29. Qxb7 Qb5 30. Rb1 Qc5+ 31. Kh1 h5 32. Qxb8+ Kh7 33. Qb4
Qc2 34. Qb2 Qc4 35. Rc1 Qh4 36. Rc7 Qa4 37. Qb7 Kh6 38. Rxd7 Nf5 39. Qc6 Qh4
40. Qc1+ 1-0

[Event "Russian Championship B17 1st league 2016"]
[Site "Loo"]
[Date "2016.04.25"]
[Round "6.18"]
[White "Chudinov, Igor"]
[Black "Tokmashov, Maxim"]
[Result "1-0"]
[WhiteElo "1936"]
[BlackElo "2145"]
[PlyCount "105"]
[EventDate "2016.04.20"]

1. d4 e6 2. c4 b6 3. Nf3 Bb7 4. Nbd2 Nf6 5. g3 Be7 6. Bg2 O-O 7. O-O d5 8. b3
c5 9. Bb2 Nc6 10. e3 Rc8 11. Ne5 Qc7 12. Nxc6 Bxc6 13. Qe2 Rfd8 14. Rfd1 dxc4
15. Nxc4 Bxg2 16. Kxg2 b5 17. Ne5 cxd4 18. Bxd4 Rd5 19. Qb2 Qb7 20. f3 Rdd8 21.
Rac1 Nd5 22. e4 Nf6 23. Rxc8 Rxc8 24. Rc1 b4 25. Rxc8+ Qxc8 26. Bxa7 g5 27. Qd2
h6 28. Nc4 g4 29. Bd4 gxf3+ 30. Kxf3 Qa8 31. Bxf6 Bxf6 32. Qxh6 Bg7 33. Qd2 f5
34. Qc2 Qe8 35. exf5 Qh5+ 36. Kg2 exf5 37. Ne3 Bc3 38. Qxf5 Qe2+ 39. Qf2 Qd3
40. Nf5 Qe4+ 41. Kh3 Be5 42. Nh4 Bg7 43. g4 Bd4 44. Qf3 Qe5 45. Nf5 Bc3 46. g5
Qe6 47. Kg4 Kh7 48. h4 Qe1 49. Qb7+ Kh8 50. Qc8+ Kh7 51. Qd7+ Kh8 52. Qd8+ Kh7
53. Qe7+ 1-0

[Event "Russian Championship B17 1st league 2016"]
[Site "Loo"]
[Date "2016.04.25"]
[Round "6.19"]
[White "Veligjanin, Andrey"]
[Black "Anchutin, Nikita"]
[Result "0-1"]
[WhiteElo "1922"]
[BlackElo "2142"]
[PlyCount "110"]
[EventDate "2016.04.20"]

1. e4 c5 2. Nf3 d6 3. c3 Nf6 4. h3 Nc6 5. Bd3 d5 6. e5 Nd7 7. Qe2 Qc7 8. e6
fxe6 9. Ng5 Nf6 10. Nxe6 Qd6 11. Nxf8 Rxf8 12. Bb5 Bd7 13. Bxc6 Bxc6 14. d4
O-O-O 15. Be3 e5 16. O-O Rde8 17. Qd1 Nd7 18. Nd2 Kb8 19. Nf3 cxd4 20. cxd4 e4
21. Nh2 Bb5 22. Re1 Rf5 23. a4 Ba6 24. Qd2 h5 25. b4 Bc4 26. Nf1 Bxf1 27. Rxf1
Nb6 28. b5 Nc4 29. Qe2 Ref8 30. Bc1 Qf6 31. Be3 g5 32. Rac1 Qg6 33. Rxc4 dxc4
34. Qxc4 Rc8 35. Qb3 g4 36. h4 g3 37. d5 Qf7 38. Rd1 gxf2+ 39. Kf1 Rd8 40. Qb4
Rfxd5 41. Rxd5 Qxd5 42. Kxf2 Rc8 43. Qa5 b6 44. Qa6 Qb7 45. Bf4+ Ka8 46. Qxb7+
Kxb7 47. g4 hxg4 48. h5 Rh8 49. Kg3 e3 50. Kxg4 e2 51. Bd2 Re8 52. h6 e1=Q 53.
Bxe1 Rxe1 54. Kg5 Rh1 55. Kg6 Kc7 0-1

[Event "Russian Championship B17 1st league 2016"]
[Site "Loo"]
[Date "2016.04.25"]
[Round "6.20"]
[White "Levenshtein, Mark"]
[Black "Tchentsov, Daniil"]
[Result "1-0"]
[WhiteElo "2062"]
[BlackElo "1802"]
[PlyCount "59"]
[EventDate "2016.04.20"]

1. b3 e5 2. Bb2 Nc6 3. e3 Nf6 4. Bb5 Bd6 5. Na3 a6 6. Bxc6 dxc6 7. Nc4 e4 8.
Nxd6+ cxd6 9. d3 Qa5+ 10. Qd2 Qg5 11. f4 Qh4+ 12. g3 Qh6 13. O-O-O Bg4 14. Re1
O-O-O 15. h3 Rhg8 16. Qg2 Bd7 17. dxe4 Rge8 18. e5 Nd5 19. e4 dxe5 20. exd5
exf4 21. Rxe8 Rxe8 22. Nf3 fxg3+ 23. Kb1 Qf4 24. Bc1 Qf5 25. Qxg3 Qxd5 26. Rf1
g6 27. Ng5 Bf5 28. Rf2 h6 29. Rd2 Qh1 30. Nxf7 1-0

[Event "Russian Championship B17 1st league 2016"]
[Site "Loo"]
[Date "2016.04.25"]
[Round "6.21"]
[White "Shastitko, Danil"]
[Black "Tyatyushkin, Danil"]
[Result "1-0"]
[WhiteElo "1809"]
[BlackElo "2028"]
[PlyCount "107"]
[EventDate "2016.04.20"]

1. e4 e5 2. Nf3 Nc6 3. Bc4 Nf6 4. d3 Be7 5. c3 O-O 6. Nbd2 d5 7. exd5 Nxd5 8.
O-O Kh8 9. Re1 f6 10. Nb3 Bg4 11. Qe2 Qd7 12. Qe4 Nb6 13. Bb5 Bf5 14. Qe2 Rfe8
15. Nh4 Bg4 16. f3 Be6 17. f4 Bxb3 18. axb3 exf4 19. d4 Bd6 20. Qf2 Rxe1+ 21.
Qxe1 Re8 22. Qd1 g5 23. Nf3 a6 24. Bd3 Nd5 25. Qc2 Ne3 26. Bxe3 Rxe3 27. Be4
Nd8 28. Nd2 Qe7 29. Kf2 f5 30. Bd3 g4 31. Nf1 g3+ 32. hxg3 fxg3+ 33. Kg1 Re6
34. Bxf5 Re2 35. Qd3 Rxb2 36. Rb1 Ra2 37. Ne3 Qh4 38. Bh3 Qf4 39. Ng4 Rd2 40.
Qc4 Qf7 41. Qa4 Qe7 42. Rf1 Re2 43. Qa1 Ne6 44. c4 Qg7 45. c5 Be7 46. Ne5 Nxd4
47. Qxd4 Qxe5 48. Qd7 Bxc5+ 49. Kh1 Re1 50. Qc8+ Kg7 51. Qg4+ Kh8 52. Qc8+ Qe8
53. Rxe1 Qxc8 54. Bxc8 1-0

[Event "Russian Championship B17 1st league 2016"]
[Site "Loo"]
[Date "2016.04.25"]
[Round "6.22"]
[White "Kuzmin, Ivan"]
[Black "Zabolotnov, Evgeny"]
[Result "0-1"]
[WhiteElo "1858"]
[BlackElo "2010"]
[PlyCount "42"]
[EventDate "2016.04.20"]

1. d4 d5 2. c4 c6 3. Nf3 Nf6 4. Qc2 dxc4 5. Qxc4 Bg4 6. Ne5 Be6 7. Qd3 Nbd7 8.
Nf3 Qa5+ 9. Nbd2 Bf5 10. b4 Qd5 11. Qb3 e6 12. a3 a5 13. bxa5 Qxa5 14. Qxb7 Bb4
15. Qxc6 Be4 16. Qc4 Bc3 17. Bb2 Bxb2 18. Rd1 O-O 19. Ng5 Qxg5 20. Nxe4 Nxe4
21. Qc2 Bc3+ 0-1

[Event "Russian Championship B17 1st league 2016"]
[Site "Loo"]
[Date "2016.04.25"]
[Round "6.23"]
[White "Revutskiy, Svyatoslav"]
[Black "Nerushev, Arseniy"]
[Result "0-1"]
[WhiteElo "1734"]
[BlackElo "1982"]
[PlyCount "72"]
[EventDate "2016.04.20"]

1. e4 c5 2. c3 Qa5 3. Nf3 Nc6 4. Bc4 Nf6 5. e5 d5 6. Bb3 c4 7. exf6 cxb3 8.
fxe7 Bxe7 9. Qxb3 d4 10. O-O d3 11. c4 Nb4 12. Nc3 O-O 13. a3 Bg4 14. Nd5 Nxd5
15. cxd5 Bxf3 16. gxf3 Qa6 17. Kh1 Qg6 18. Qc4 Bd6 19. Qg4 Qh6 20. h3 Rae8 21.
b3 f5 22. Qg2 Rf6 23. f4 Qxf4 24. Qg3 Qd4 25. Bb2 Qxb2 26. Qxd3 Qe5 27. f4 Qe4+
28. Qf3 Bxf4 29. d3 Qxf3+ 30. Rxf3 Bd6 31. d4 Re2 32. Raf1 Rh2+ 33. Kg1 Rg6+
34. Rg3 Bxg3 35. Rxf5 Be5+ 36. Kf1 Bxd4 0-1

[Event "Russian Championship B17 1st league 2016"]
[Site "Loo"]
[Date "2016.04.25"]
[Round "6.24"]
[White "Chudiniv, Andrey"]
[Black "Getman, Dmitriy"]
[Result "1-0"]
[WhiteElo "1986"]
[BlackElo "1716"]
[PlyCount "163"]
[EventDate "2016.04.20"]

1. d4 d5 2. c4 e6 3. Nf3 Nf6 4. Nbd2 c6 5. g3 Be7 6. Bg2 Nbd7 7. O-O O-O 8. b3
b6 9. Bb2 Bb7 10. e3 b5 11. Ne5 Nxe5 12. dxe5 Nd7 13. Qc2 bxc4 14. bxc4 Ba6 15.
Rfd1 Nb6 16. c5 Nc4 17. Nb3 Nxb2 18. Qxb2 Bc4 19. Qc3 Qc7 20. Na5 Bb5 21. e4
Rfb8 22. a4 Ba6 23. Rab1 Bd8 24. Nb3 Bc4 25. Nd2 Ba6 26. Bf1 Bxf1 27. Rxf1 Qa5
28. Qd4 Be7 29. Nb3 Qb4 30. exd5 exd5 31. Rfc1 h6 32. Qa1 Qe4 33. Na5 Rxb1 34.
Qxb1 Qxb1 35. Rxb1 Bxc5 36. Nxc6 Rc8 37. Rb8 Rxb8 38. Nxb8 Kh7 39. Kf1 Kg6 40.
f3 Kf5 41. Nc6 Ke6 42. Ke2 Kd7 43. Na5 Bb4 44. Nb3 g6 45. Kd3 Kc6 46. f4 Be7
47. Kd4 Bb4 48. g4 Ba3 49. Kd3 Be7 50. f5 gxf5 51. gxf5 a6 52. Nd4+ Kd7 53. Kc3
f6 54. e6+ Kd6 55. Nf3 Bd8 56. Kb4 Kc6 57. Nh4 a5+ 58. Kc3 Kd6 59. Ng6 Bb6 60.
Nh8 Bg1 61. h3 h5 62. Ng6 Bc5 63. Kd3 Ba3 64. Ke3 Bc1+ 65. Kf3 Ba3 66. Kg3 Bb4
67. Kh4 d4 68. Kg3 d3 69. Kf3 Bc5 70. Nf4 d2 71. Ke2 Bb4 72. Nxh5 Ke5 73. Ng7
Bf8 74. Kxd2 Kf4 75. Kd3 Kg3 76. Ke4 Kxh3 77. Ne8 Be7 78. Nc7 Kg4 79. Nd5 Bd6
80. e7 Bxe7 81. Nxe7 Kg5 82. Nd5 1-0

[Event "Russian Championship B17 1st league 2016"]
[Site "Loo"]
[Date "2016.04.25"]
[Round "6.25"]
[White "Kavyev, Emil"]
[Black "Zhuravlev, Stepan"]
[Result "0-1"]
[WhiteElo "1699"]
[BlackElo "2046"]
[PlyCount "68"]
[EventDate "2016.04.20"]

1. d4 d5 2. Nf3 Nf6 3. g3 c6 4. Bg2 Bf5 5. O-O e6 6. c3 h6 7. Bf4 Nbd7 8. Nbd2
Be7 9. b4 O-O 10. Nb3 Ne4 11. Qc1 Bd6 12. Bxd6 Nxd6 13. Nc5 Nxc5 14. bxc5 Nc4
15. Nd2 Nxd2 16. Qxd2 b6 17. cxb6 axb6 18. Rfe1 b5 19. e4 Bg6 20. exd5 exd5 21.
f4 Ra3 22. Re5 Qd7 23. h3 Rfa8 24. g4 f6 25. Re3 Qa7 26. Bf1 Rxa2 27. Rxa2 Qxa2
28. Qxa2 Rxa2 29. Re7 Ra3 30. Rc7 Be8 31. Kg2 Kf8 32. Rc8 Ke7 33. Kf2 Rxc3 34.
Bxb5 Bd7 0-1

[Event "Russian Championship B17 1st league 2016"]
[Site "Loo"]
[Date "2016.04.25"]
[Round "6.26"]
[White "Kirillov, Konstantin"]
[Black "Sambyla, Subuday"]
[Result "1-0"]
[WhiteElo "2002"]
[BlackElo "1722"]
[PlyCount "111"]
[EventDate "2016.04.20"]

1. d4 Nf6 2. c4 e6 3. g3 d5 4. Nf3 Nbd7 5. Bg2 Bb4+ 6. Bd2 Be7 7. O-O O-O 8.
Qc2 c5 9. cxd5 Nxd5 10. dxc5 Nxc5 11. Rd1 Qc7 12. e4 Nf6 13. Bf4 Qc6 14. Nc3
Qe8 15. e5 Nd5 16. Nxd5 exd5 17. Rxd5 b6 18. Rdd1 Bb7 19. Nd4 Bxg2 20. Kxg2 Rc8
21. Qe2 Ne6 22. Nf5 Nxf4+ 23. gxf4 g6 24. Nd4 Bc5 25. Nf3 Qc6 26. Rac1 Qb7 27.
Kg1 Rfd8 28. a3 a5 29. Ng5 Be7 30. Ne4 Rxc1 31. Rxc1 Rd4 32. f3 Bc5 33. Kg2 Be7
34. Qb5 Kg7 35. Rc6 Bd8 36. e6 f6 37. Rd6 Rxd6 38. Nxd6 Qe7 39. Qd5 Kf8 40. Nb5
Qe8 41. Nd4 Be7 42. Nc6 a4 43. Qd7 g5 44. Qxe8+ Kxe8 45. Nxe7 Kxe7 46. f5 b5
47. h4 Kf8 48. Kg3 Ke7 49. Kg4 h6 50. hxg5 fxg5 51. f4 Kf6 52. fxg5+ hxg5 53.
Kh5 Kxf5 54. e7 g4 55. e8=Q g3 56. Qe3 1-0

[Event "Russian Championship B17 1st league 2016"]
[Site "Loo"]
[Date "2016.04.25"]
[Round "6.27"]
[White "Maltsevskiy, Nikolay"]
[Black "Tsukhaev, Isa"]
[Result "1-0"]
[WhiteElo "1889"]
[BlackElo "1723"]
[PlyCount "87"]
[EventDate "2016.04.20"]

1. d4 d5 2. c4 e6 3. Nc3 Nf6 4. Bg5 Nbd7 5. Nf3 c6 6. e3 Qa5 7. Qb3 Ne4 8. Bf4
Bb4 9. Rc1 Nb6 10. Bd3 dxc4 11. Bxc4 Na4 12. O-O Bxc3 13. bxc3 Nexc3 14. Bd6 b5
15. Bd3 Nd5 16. Ne5 a6 17. e4 Nf6 18. Bb4 Qb6 19. Nxc6 Bd7 20. d5 Rc8 21. Ne7
Rb8 22. Rc2 a5 23. Nc6 axb4 24. Nxb8 Qxb8 25. Qxb4 Ng8 26. Rfc1 Ne7 27. d6 Ng6
28. Rc8+ Bxc8 29. Bxb5+ Bd7 30. Bxd7+ Kxd7 31. Rc7+ Qxc7 32. dxc7 Rc8 33. Qxa4+
Kxc7 34. g3 Kb6 35. Qb4+ Ka6 36. a4 Rc1+ 37. Kg2 f6 38. Qb5+ Ka7 39. a5 Ne5 40.
Qb6+ Ka8 41. a6 Rg1+ 42. Kxg1 Nf3+ 43. Kh1 Ng1 44. Qb7# 1-0

[Event "Russian Championship B17 1st league 2016"]
[Site "Loo"]
[Date "2016.04.25"]
[Round "6.28"]
[White "Murtazin, Rifat"]
[Black "Polozhentsev, Maksim"]
[Result "1/2-1/2"]
[WhiteElo "1555"]
[BlackElo "1829"]
[PlyCount "88"]
[EventDate "2016.04.20"]

1. e4 c5 2. Nf3 Nc6 3. Bb5 Nf6 4. Bxc6 dxc6 5. e5 Nd5 6. O-O Bg4 7. d3 e6 8.
Na3 Be7 9. Nc4 O-O 10. Re1 b5 11. Ne3 Bh5 12. Nf1 Nb4 13. a3 Bxf3 14. gxf3 Nd5
15. Ng3 Nb6 16. b3 Qd5 17. Qe2 a5 18. f4 g6 19. Ne4 Kg7 20. Qd2 Rg8 21. Re3 Kf8
22. Rh3 h5 23. a4 b4 24. Qe3 Qd4 25. Qxd4 cxd4 26. Bd2 Nd5 27. Ng5 Ke8 28. Re1
Rg7 29. Ne4 Kd7 30. Ng5 c5 31. Kf1 Ra6 32. Ne4 Rc6 33. f3 f6 34. exf6 Bxf6 35.
Nxf6+ Nxf6 36. Rg3 Rd6 37. Kf2 Rd5 38. Reg1 Ke7 39. Rxg6 Rxg6 40. Rxg6 Kf7 41.
Rg5 Rxg5 42. fxg5 Nd5 43. h4 Kg6 44. f4 Kf5 1/2-1/2

[Event "Russian Championship B17 1st league 2016"]
[Site "Loo"]
[Date "2016.04.25"]
[Round "6.29"]
[White "Efimenko, Aleksandr"]
[Black "Spiridonov, Vladislav"]
[Result "1-0"]
[WhiteElo "1819"]
[BlackElo "1591"]
[PlyCount "55"]
[EventDate "2016.04.20"]

1. e4 c5 2. Nf3 e6 3. d4 cxd4 4. Nxd4 Nc6 5. Nc3 Nf6 6. Nxc6 bxc6 7. e5 Nd5 8.
Ne4 Qc7 9. f4 Qb6 10. c4 Ne3 11. Qd3 Bb4+ 12. Bd2 O-O 13. b3 f5 14. Nd6 a5 15.
h3 Ba6 16. Ke2 Nd5 17. Kf3 Bc5 18. Kg3 Bf2+ 19. Kh2 g5 20. Qf3 Qd4 21. cxd5
Qxd2 22. Bxa6 Rxa6 23. dxe6 gxf4 24. Rhd1 Bg3+ 25. Kh1 Qe3 26. e7 Raa8 27.
exf8=Q+ Rxf8 28. Nc4 1-0

[Event "Russian Championship B17 1st league 2016"]
[Site "Loo"]
[Date "2016.04.25"]
[Round "6.30"]
[White "Kiyashko, Andrey"]
[Black "Kuzmichev, Artem"]
[Result "1-0"]
[WhiteElo "1653"]
[BlackElo "1792"]
[PlyCount "67"]
[EventDate "2016.04.20"]

1. e4 e5 2. Nf3 Nc6 3. Bb5 a6 4. Ba4 Nf6 5. O-O Nxe4 6. Re1 Nc5 7. Bxc6 dxc6 8.
Nxe5 Ne6 9. Qf3 Qf6 10. Qxf6 gxf6 11. Nf3 Be7 12. Nc3 Ng5 13. Nxg5 fxg5 14. d4
Be6 15. Ne4 Rg8 16. f4 O-O-O 17. c3 gxf4 18. Bxf4 h5 19. b3 Rg4 20. g3 Rdg8 21.
Rf1 h4 22. Rae1 hxg3 23. Bxg3 R4g6 24. Re3 Bh4 25. Kf2 Bxg3+ 26. Rxg3 Bd5 27.
Re1 f5 28. Nd2 Kd7 29. c4 Be6 30. Nf3 Rxg3 31. hxg3 b5 32. Ne5+ Kd6 33. c5+ Kd5
34. Nf3 1-0

[Event "Russian Championship B17 1st league 2016"]
[Site "Loo"]
[Date "2016.04.25"]
[Round "6.31"]
[White "Sokolov, Ilia"]
[Black "Shelushpanov, Nikolai"]
[Result "1-0"]
[WhiteElo "1764"]
[BlackElo "1536"]
[PlyCount "75"]
[EventDate "2016.04.20"]

1. Nf3 d5 2. g3 c5 3. Bg2 Nc6 4. d4 cxd4 5. Nxd4 Nxd4 6. Qxd4 e6 7. O-O Nf6 8.
c4 Bd7 9. Nc3 Bc6 10. Rd1 dxc4 11. Qxc4 Qb6 12. Be3 Qc7 13. Nb5 Qc8 14. Nxa7
Rxa7 15. Bxa7 Be7 16. Bxc6+ Qxc6 17. Qxc6+ bxc6 18. Rac1 O-O 19. Bc5 Bxc5 20.
Rxc5 Rc8 21. Rxc6 Re8 22. Rcd6 Kf8 23. Rd8 Rxd8 24. Rxd8+ Ke7 25. Rb8 Nd7 26.
Rb7 Kd6 27. Rxd7+ Kxd7 28. Kf1 f5 29. f4 h6 30. h4 Kd6 31. Kf2 e5 32. Ke3 Kd5
33. a4 e4 34. a5 Kc5 35. b4+ Kc6 36. a6 g6 37. b5+ Kb6 38. Kd4 1-0

[Event "Russian Championship B17 1st league 2016"]
[Site "Loo"]
[Date "2016.04.25"]
[Round "6.32"]
[White "Miziuk, Anton"]
[Black "Natarov, Ilya"]
[Result "0-1"]
[WhiteElo "1528"]
[BlackElo "1767"]
[PlyCount "88"]
[EventDate "2016.04.20"]

1. e4 c5 2. a3 e6 3. b4 cxb4 4. axb4 Bxb4 5. c3 Be7 6. d4 d5 7. e5 Nc6 8. Bd3
Bd7 9. Ne2 Qc7 10. O-O f6 11. f4 Nh6 12. Na3 O-O 13. Qc2 f5 14. h3 a6 15. Kh2
b5 16. Rg1 Qb6 17. Qb1 Rab8 18. Nc2 a5 19. Bd2 a4 20. Nb4 Bxb4 21. cxb4 Nxd4
22. Nxd4 Qxd4 23. g4 g6 24. g5 Nf7 25. Rg3 Qb6 26. Be3 Qb7 27. Qg1 Nd8 28. h4
Be8 29. Be2 Rc8 30. Bc5 Rf7 31. h5 Qd7 32. Rh3 Nb7 33. Rc1 Nxc5 34. bxc5 b4 35.
Qh1 b3 36. Kg2 Rg7 37. Qh2 Qc6 38. Rh1 Qxc5 39. hxg6 Bxg6 40. Rh6 Qc2 41. Kf3
b2 42. Rxg6 hxg6 43. Qh8+ Kf7 44. Rh7 Rxh8 0-1

[Event "Russian Championship B17 1st league 2016"]
[Site "Loo"]
[Date "2016.04.25"]
[Round "6.33"]
[White "Gavrik, Aleksandr"]
[Black "Kostin, Ilya"]
[Result "1/2-1/2"]
[WhiteElo "1736"]
[BlackElo "1697"]
[PlyCount "115"]
[EventDate "2016.04.20"]

1. e4 e5 2. Nf3 Nc6 3. Bc4 Bc5 4. Nc3 Nf6 5. d3 a6 6. a4 d6 7. Be3 Bxe3 8. fxe3
O-O 9. O-O h6 10. Qe1 Na5 11. Ba2 c5 12. Nh4 Kh7 13. Nd5 Nxd5 14. Bxd5 f6 15.
Qg3 Qe8 16. Nf5 Bxf5 17. exf5 Nc6 18. Qf3 Rb8 19. c3 Qd7 20. Ra2 Ne7 21. Be6
Qc6 22. e4 b5 23. axb5 axb5 24. Rfa1 Ra8 25. Qe2 Rxa2 26. Rxa2 Qb7 27. b3 Ra8
28. Qb2 b4 29. c4 Ra3 30. Rxa3 bxa3 31. Qxa3 Nc6 32. Kf1 Nd4 33. Qa4 Qxb3 34.
Qxb3 Nxb3 35. Kf2 Nd4 36. Bf7 Kh8 37. Ke3 Kh7 38. Kd2 Kh8 39. Bh5 Kg8 40. Kc3
Kf8 41. Kb2 Ke7 42. Bd1 Nc6 43. Kb3 Nb4 44. Be2 Kd7 45. h3 Kc7 46. Kc3 Kb6 47.
Bh5 Nc6 48. Be2 Nd4 49. Bh5 Ka5 50. Bd1 Kb6 51. Bh5 Ka5 52. Bd1 Nc6 53. Bb3 Nb4
54. Bd1 Na2+ 55. Kb2 Nb4 56. Kc3 Nc6 57. Bh5 Nb4 58. Bd1 1/2-1/2